Design calculation for plumbing & heating engineering (Record no. 549097)
[ view plain ]
| 000 -LEADER | |
|---|---|
| fixed length control field | 00388nam a22001337a 4500 |
| 082 ## - DEWEY DECIMAL CLASSIFICATION NUMBER | |
| Classification number | 696.1 |
| Author Mark | HAL |
| -- | L-39, P-71 |
| 100 ## - MAIN ENTRY--PERSONAL NAME | |
| Personal name | Hall, F |
| 9 (RLIN) | 45596 |
| 245 ## - TITLE STATEMENT | |
| Title | Design calculation for plumbing & heating engineering |
| Statement of responsibility, etc. | Hall, F |
| 260 ## - PUBLICATION, DISTRIBUTION, ETC. | |
| Place of publication, distribution, etc. | UK |
| Name of publisher, distributor, etc. | Longman scientific & Technical |
| Date of publication, distribution, etc. | 1982 |
| 300 ## - PHYSICAL DESCRIPTION | |
| Extent | 211,p |
| Other physical details | ill |
| 526 ## - STUDY PROGRAM INFORMATION NOTE | |
| Program name | 0 |
| Interest level | 0 |
| Reading level | 0 |
| Title point value | 696_100000000000000_HAL |
| 650 ## - SUBJECT ADDED ENTRY--TOPICAL TERM | |
| Topical term or geographic name entry element | MCE |
| 9 (RLIN) | 379 |
| 942 ## - ADDED ENTRY ELEMENTS (KOHA) | |
| Source of classification or shelving scheme | |
| Koha item type | Book |
| Withdrawn status | Lost status | Source of classification or shelving scheme | Damaged status | Not for loan | Permanent Location | Current Location | Date acquired | Total Checkouts | Full call number | Barcode | Date last seen | Price effective from | Koha item type |
|---|---|---|---|---|---|---|---|---|---|---|---|---|---|
| Military College of Engineering (MCE) | Military College of Engineering (MCE) | 09/16/2014 | 696.1 HAL | MCE-41570 | 09/16/2014 | 09/16/2014 | Book |
